[Event "Mittelfranken-ch HT"]
[Site "Nuremberg"]
[Date "2016.03.26"]
[Round "9"]
[White "Schloetterer, Hermann"]
[Black "Vogiatzis, Dimitrios"]
[Result "0-1"]
[WhiteElo "1861"]
[BlackElo "2080"]
[PlyCount "97"]
[EventDate "2016.03.22"]
[EventType "swiss"]
[EventRounds "9"]
[EventCountry "GER"]
[SourceTitle "EXT 2018"]
[Source "ChessBase"]
[SourceDate "2017.10.13"]
[SourceVersion "1"]
[SourceVersionDate "2017.10.13"]
[SourceQuality "1"]

1. d4 d5 2. g3 f5 3. Bg2 e6 4. Nh3 Nf6 5. Nd2 Be7 6. Nf3 0-0 7. 0-0 Ne4 8. Nf4 c5 9. c4 dxc4 10. d5 exd5 11. Qxd5+ Qxd5 12. Nxd5 Bd6 13. Bf4 Nc6 14. Bxd6 Nxd6 15. Rfd1 Ne4 16. Rac1 Rf7 17. Nc3 h6 18. e3 Be6 19. Nxe4 fxe4 20. Nd2 Bg4 21. Bf1 Bxd1 22. Rxd1 Rd7 23. Bxc4+ Kf8 24. Kf1 Rad8 25. Ke2 Ne5 26. Bb3 c4 27. Ba4 Rd6 28. Nxe4 Rxd1 29. Bxd1 Ke7 30. Bc2 b5 31. a3 a5 32. Nc5 b4 33. a4 c3 34. bxc3 bxc3 35. Nb3 Nc4 36. Nd4 Rc8 37. Bf5 Rc5 38. Bc2 Nb2 39. Bb3 Kf6 40. f4 g5 41. f5 g4 42. e4 Ke5 43. Ke3 Nc4+ 44. Kd3 Nd2 45. Bd1 Nxe4 46. Ke3 h5 47. Bc2 Nd6 48. Nb3 Rd5 49. Nd4 0-1

[Event "Mittelfranken-ch HT"]
[Site "Nuremberg"]
[Date "2016.03.22"]
[Round "2"]
[White "Schloetterer, Hermann"]
[Black "Tong, Kevin"]
[Result "0-1"]
[WhiteElo "1861"]
[BlackElo "2007"]
[PlyCount "62"]
[EventDate "2016.03.22"]
[EventType "swiss"]
[EventRounds "9"]
[EventCountry "GER"]
[SourceTitle "EXT 2018"]
[Source "ChessBase"]
[SourceDate "2017.10.13"]
[SourceVersion "1"]
[SourceVersionDate "2017.10.13"]
[SourceQuality "1"]

1. d4 d5 2. g3 Nf6 3. Bg2 c6 4. Nf3 Bg4 5. 0-0 e6 6. Ne5 Bf5 7. c4 Nbd7 8. Nc3 Be7 9. Qb3 Qb6 10. Nxd7 Nxd7 11. cxd5 Qxb3 12. axb3 exd5 13. e4 dxe4 14. Re1 Nf6 15. Nxe4 Nxe4 16. Bxe4 Be6 17. Bc2 0-0 18. Bd2 Bf6 19. Ra4 Rfd8 20. Be3 a6 21. Rd1 Rd7 22. f4 Re8 23. Kf2 Bg4 24. Rd2 Rde7 25. h3 Bxh3 26. Re2 Bg4 27. Re1 h5 28. f5 b5 29. Rxa6 Rxe3 30. Rxe3 Bxd4 31. Rxc6 Rxe3 0-1

[Event "Staufer op-B 28th"]
[Site "Schwaebisch Gmuend"]
[Date "2016.01.05"]
[Round "8"]
[White "Schloetterer, Hermann"]
[Black "Fidorra, Thomas"]
[Result "0-1"]
[WhiteElo "1856"]
[BlackElo "1996"]
[PlyCount "66"]
[EventDate "2016.01.02"]
[EventType "swiss"]
[EventRounds "9"]
[EventCountry "GER"]
[SourceTitle "CBM 170 Extra"]
[Source "ChessBase"]
[SourceDate "2016.02.25"]
[SourceVersion "1"]
[SourceVersionDate "2016.02.25"]
[SourceQuality "1"]

1. d4 Nf6 2. g3 d5 3. Bg2 c6 4. Nf3 Bf5 5. c4 e6 6. 0-0 Be7 7. Nc3 0-0 8. Nd2 Nbd7 9. e4 dxe4 10. Ndxe4 Nxe4 11. Nxe4 Nf6 12. Re1 Qb6 13. Nc3 Rad8 14. Qb3 Qxb3 15. axb3 a6 16. d5 Bc5 17. dxc6 Ng4 18. Be3 Nxe3 19. fxe3 bxc6 20. Bxc6 Rd2 21. Ne4 Bxe4 22. Bxe4 f5 23. Bg2 f4 24. gxf4 Rxf4 25. Bh3 Rf6 26. Rxa6 Rg6+ 27. Kh1 Bd6 28. Ra8+ Kf7 29. Rf1+ Ke7 30. Ra7+ Kd8 31. Ra8+ Kc7 32. Rf7+ Kb6 33. c5+ Kxc5 0-1

[Event "Forchheim op-B 14th"]
[Site "Forchheim"]
[Date "2015.10.04"]
[Round "5"]
[White "Nahlik, Bernhard"]
[Black "Schloetterer, Hermann"]
[Result "1-0"]
[WhiteElo "1721"]
[BlackElo "1872"]
[PlyCount "93"]
[EventDate "2015.10.02"]
[EventType "swiss"]
[EventRounds "5"]
[EventCountry "GER"]
[SourceTitle "EXT 2019"]
[Source "ChessBase"]
[SourceDate "2018.10.10"]
[SourceVersion "1"]
[SourceVersionDate "2018.10.10"]
[SourceQuality "1"]

1. d4 Nf6 2. Nf3 c5 3. e3 b6 4. Be2 Bb7 5. c4 e6 6. Nc3 cxd4 7. exd4 d5 8. cxd5 Nxd5 9. 0-0 Be7 10. Nxd5 Qxd5 11. b3 0-0 12. Bb2 Ba6 13. Ne5 Bxe2 14. Qxe2 Nd7 15. Rfe1 Nf6 16. Rac1 Rac8 17. h3 Bb4 18. Red1 Qb7 19. Qb5 Nd5 20. Qd7 Qxd7 21. Nxd7 Rfd8 22. Ne5 Bc3 23. Ba1 Bxa1 24. Rxa1 Rc2 25. Nd3 a5 26. Rdc1 Rdc8 27. Rxc2 Rxc2 28. Rc1 Rxc1+ 29. Nxc1 Kf8 30. g3 Ke7 31. Kf1 Kd6 32. Ke2 Nb4 33. Kd2 Kd5 34. Kc3 Ke4 35. a3 Nc6 36. b4 Nxd4 37. bxa5 bxa5 38. Kc4 e5 39. Kc5 f6 40. a4 Kf3 41. Kb6 Kxf2 42. Kxa5 e4 43. Kb6 e3 44. a5 Nb3 45. Nxb3 e2 46. Nc1 e1N 47. a6 1-0